000 00716nam a2200289Ia 4500
005 20260324115611.0
008 008 260324s9999 xx 000 0 eng d
020 _a9781315153209
037 _aEBOOK
040 _aCRL
040 _beng
040 _cCRL
041 _2eng
041 _aeng
084 _qCRL
100 _aI. M. Mujtaba; R. Srinivasan; N. O. Elbashir
_91155292
245 4 _aThe Water-Food-Energy Nexus
245 0 _bProcesses, Technologies, and Challenges
260 _bTaylor and Francis
260 _c2017
365 _a
365 _b465
856 _uhttp://www.taylorfrancis.com/books/9781315153209
942 _cEBOOK
999 _c1746280
_d1746280